000 00673nam a2200229Ia 4500
001 9765
003 GE_BSU
008 181216s||||||||xx |||||||||||||| ||und||
040 _cGE_BSU
100 _aმჟავია,ქსენია
245 _aრჩეული
245 _bლექსები
245 _cრედ.ლ.ბეჟანიძე.მხატვ. ვ.ბესელია
260 _aბათუმი
260 _bსაბჭოთა აჭარა
260 _c1977
300 _a143გვ.1ფ.პორტრ.16სმ.
541 _h3ლ.
653 _aლექსები
653 _aრჩეული
942 _cBK
999 _c43045
_d43045